| 000 | 00364nam a2200157Ia 4500 | ||
|---|---|---|---|
| 999 |
_c10807 _d10807 |
||
| 008 | 191201s2011 xx 000 0 und d | ||
| 082 |
_a346.65 _bTUB |
||
| 100 | _aTULSIAN, P.C. | ||
| 245 | 0 | _aBusiness Law | |
| 250 | _a3rd | ||
| 260 |
_aNew delhi _bMc Graw Hill _c2021 |
||
| 300 | _aMisc | ||
| 650 | _aB Com | ||
| 700 | _aTULSIAN, Bharat | ||
| 942 |
_2ddc _cBK _026 |
||